LIBRARY ONLINE CATALOGUE

Access to basic infrastructure by the urban poor. (Record no. 7114)

MARC details
000 -LEADER
fixed length control field 00707nam a22002172 4500
001 - CONTROL NUMBER
control field 0000005903
005 - DATE AND TIME OF LATEST TRANSACTION
control field 20151217152008.0
008 - FIXED-LENGTH DATA ELEMENTS--GENERAL INFORMATION
fixed length control field 070809s xx 000 0 eng d
020 ## - INTERNATIONAL STANDARD BOOK NUMBER
International Standard Book Number 0821318152 :
Terms of availability KES 800
040 ## - CATALOGING SOURCE
Original cataloging agency KABU
Transcribing agency KABU
050 #0 - LIBRARY OF CONGRESS CALL NUMBER
Classification number HV4173
Item number .M46
100 1# - MAIN ENTRY--PERSONAL NAME
Personal name Menendez, Aurelio.
-- 0000157183
245 10 - TITLE STATEMENT
Title Access to basic infrastructure by the urban poor.
260 ## - PUBLICATION, DISTRIBUTION, ETC. (IMPRINT)
Place of publication, distribution, etc. Washington, DC :
Name of publisher, distributor, etc. The World Bank,
Date of publication, distribution, etc. 1991.
300 ## - PHYSICAL DESCRIPTION
Extent viii, 81 p.
650 #0 - SUBJECT ADDED ENTRY--TOPICAL TERM
Topical term or geographic name as entry element Urban poor
General subdivision Services for
Geographic subdivision Developing countries.
-- 0000157184
650 #0 - SUBJECT ADDED ENTRY--TOPICAL TERM
Topical term or geographic name as entry element Urban poor
General subdivision Government policy
Geographic subdivision Developing countries.
-- 0000157185
908 ## - PUT COMMAND PARAMETER (RLIN)
Put command parameter 070809
950 ## - LOCAL HOLDINGS (RLIN)
-- 1
Holdings
Withdrawn status Lost status Source of classification or shelving scheme Not for loan Home library Current library Date acquired Total Checkouts Full call number Barcode Date last seen Price effective from Koha item type
    Library of Congress Classification   Kabarak, Main Campus Kabarak, Main Campus 17/12/2015   HV4173 .M46 004744 17/12/2015 17/12/2015 General Collection